[Event "O pohár města Říčany 2017"]
[Site "Kulturni centrum Labut, 17. Listopadu 214 25101 Ricany"]
[Date "2017.08.29"]
[Round "5.33"]
[White "Jirousek, Tadeas"]
[Black "Horyna, Josef"]
[Result "0-1"]
[WhiteElo "1584"]
[BlackElo "1814"]
[PlyCount "0"]
[EventDate "2017.08.26"]

1. e4 d6 2. d4 e5 3. Nf3 exd4 4. Nxd4 Nf6 5. Nc3 c6 6. Bd3 Be7 7. O-O O-O 8. f4
Qb6 9. Be2 Nbd7 10. Kh1 Nc5 11. Bf3 Rd8 12. g4 Bf8 13. a3 a5 14. Rb1 d5 15. e5
Nfe4 16. Be3 Nxc3 17. bxc3 Qc7 18. Qe1 Re8 19. Qf2 Ne4 20. Bxe4 dxe4 21. Qg2
Bxa3 22. Rbd1 Bf8 23. Rg1 Be6 24. Nxe6 Rxe6 25. Qxe4 c5 26. Qc4 Qc6+ 27. Rg2 b5
28. Qa2 c4 29. Bd4 a4 30. Kg1 Rd8 31. Qa1 Ree8 32. f5 Qd5 33. Qc1 Rxe5 34. Qf4
Ree8 35. f6 g5 36. Qf2 Qe4 37. Rf1 b4 38. Rg3 b3 39. cxb3 cxb3 40. Ra1 a3 0-1

[Event "O pohár města Říčany 2017"]
[Site "Kulturni centrum Labut, 17. Listopadu 214 25101 Ricany"]
[Date "2017.08.29"]
[Round "5.34"]
[White "Kronowetter, Borivoj"]
[Black "Simak, Roman"]
[Result "1-0"]
[WhiteElo "1787"]
[BlackElo "1702"]
[PlyCount "0"]
[EventDate "2017.08.26"]

1. e4 d5 2. exd5 Qxd5 3. Nc3 Qd8 4. d4 Nf6 5. Nf3 Bg4 6. Be2 e6 7. O-O c6
8. Re1 Bd6 9. Bg5 O-O 10. Ne4 Be7 11. Ng3 h6 12. Bxf6 Bxf6 13. c3 Bxf3 14. Bxf3
Nd7 15. Be4 Re8 16. Bc2 Nf8 17. Qg4 g6 18. f4 Bg7 19. Re3 Nd7 20. Rae1 Nf6
21. Qf3 Nd5 22. R3e2 Qd7 23. Ne4 b6 24. Nf2 Qd6 25. f5 g5 26. fxe6 fxe6 27. Qe4
1-0

[Event "O pohár města Říčany 2017"]
[Site "Kulturni centrum Labut, 17. Listopadu 214 25101 Ricany"]
[Date "2017.08.29"]
[Round "5.35"]
[White "Vit, Zdenek"]
[Black "Kuhnmund, Ivan"]
[Result "1/2-1/2"]
[WhiteElo "1775"]
[BlackElo "1640"]
[PlyCount "0"]
[EventDate "2017.08.26"]

1. e4 c5 2. Nc3 a6 3. Nf3 e6 4. d4 cxd4 5. Nxd4 Qc7 6. Bd3 Nf6 7. O-O d6 8. Kh1
Nbd7 9. Bg5 h6 10. Bh4 e5 11. Nb3 g5 12. Bg3 h5 13. f3 b5 14. Nd5 Nxd5 15. exd5
Nb6 16. Re1 Be7 17. Bf2 O-O 18. h3 f5 19. c3 h4 20. f4 g4 21. fxe5 dxe5 22. Bxb6
Qxb6 23. Rxe5 Bd6 24. Re6 Bxe6 25. dxe6 gxh3 26. Qf3 hxg2+ 27. Kxg2 Ra7 28. Kf1
Rg7 29. Nd4 Rg3 30. Qh5 Qb7 31. Bxf5 Qg2+ 32. Ke1 Re3+ 33. Kd1 Qf1+ 34. Kc2 Qg2+
35. Kb3 Qd5+ 36. Kc2 Qg2+ 37. Kb3 Qd5+ 38. Kc2 1/2-1/2

[Event "O pohár města Říčany 2017"]
[Site "Kulturni centrum Labut, 17. Listopadu 214 25101 Ricany"]
[Date "2017.08.29"]
[Round "5.36"]
[White "Maslo, Ondrej"]
[Black "Hampel, Rudolf"]
[Result "1-0"]
[WhiteElo "1744"]
[BlackElo "1772"]
[PlyCount "0"]
[EventDate "2017.08.26"]

1. e4 c5 2. c3 Nf6 3. e5 Nd5 4. d4 cxd4 5. Nf3 Nc6 6. cxd4 d6 7. exd6 Qxd6
8. Nc3 g6 9. Bc4 Nb6 10. Bb3 Bg7 11. O-O O-O 12. Nb5 Qd8 13. Bf4 a6 14. Bc7 Qd7
15. Bxb6 axb5 16. Rc1 Ra6 17. Bc5 b6 18. Ba3 Bb7 19. d5 Ne5 20. Nxe5 Bxe5
21. Re1 Bf6 22. d6 exd6 23. Qxd6 Qxd6 24. Bxd6 Rc8 25. Rxc8+ Bxc8 26. Re8+ Kg7
27. Bf8+ 1-0

[Event "O pohár města Říčany 2017"]
[Site "Kulturni centrum Labut, 17. Listopadu 214 25101 Ricany"]
[Date "2017.08.30"]
[Round "6.1"]
[White "Zeman, Matyas"]
[Black "Pulpan, Jakub"]
[Result "1/2-1/2"]
[WhiteElo "2168"]
[BlackElo "2390"]
[PlyCount "0"]
[EventDate "2017.08.26"]

1. e4 c5 2. Nf3 d6 3. d4 cxd4 4. Qxd4 Nc6 5. Bb5 a6 6. Bxc6+ bxc6 7. c4 e5
8. Qd3 h6 9. Nc3 Nf6 10. h3 Be7 11. O-O Qc7 12. Be3 O-O 13. Rfd1 Be6 14. Rac1
Rfb8 15. b3 Nd7 16. Nd5 Bxd5 17. cxd5 c5 18. Nd2 a5 19. a4 Qb7 20. g3 Qa6
21. Nc4 Nb6 22. Na3 Qxd3 23. Rxd3 Ra6 24. Kf1 1/2-1/2

[Event "O pohár města Říčany 2017"]
[Site "Kulturni centrum Labut, 17. Listopadu 214 25101 Ricany"]
[Date "2017.08.30"]
[Round "6.2"]
[White "Novotny, Michal"]
[Black "Petr, Jakub"]
[Result "1-0"]
[WhiteElo "2257"]
[BlackElo "2046"]
[PlyCount "0"]
[EventDate "2017.08.26"]

1. d4 Nf6 2. c4 g6 3. Nc3 d5 4. cxd5 Nxd5 5. e4 Nxc3 6. bxc3 Bg7 7. Nf3 c5
8. Rb1 O-O 9. Be2 Nc6 10. d5 Bxc3+ 11. Bd2 Bxd2+ 12. Qxd2 Nd4 13. Nxd4 cxd4
14. Qxd4 Qa5+ 15. Qd2 Qxd2+ 16. Kxd2 f5 17. e5 b6 18. Bc4 Rd8 19. Ke3 Kg7
20. Rhd1 Bb7 21. Bb3 Rac8 22. Rbc1 Rxc1 23. Rxc1 Bxd5 24. Rd1 e6 25. Bxd5 exd5
26. Rc1 d4+ 27. Kd3 f4 28. Rc7+ Kg8 29. Rxa7 Rd5 30. Rb7 Rxe5 31. Rxb6 f3
32. gxf3 Ra5 33. Rb2 Ra4 34. Kc2 Ra3 35. Kb1 Kf7 36. Rb3 Ra5 37. Rd3 Rh5 38. a4
Rxh2 39. a5 Rh5 40. Ra3 Rb5+ 41. Kc2 h5 42. a6 Rb8 43. Kd3 h4 44. Kxd4 h3
45. Kc5 Rb1 46. a7 h2 47. a8=Q h1=Q 48. Ra7+ Kf6 49. Qd8+ Kf5 50. Rf7+ Ke6
51. Qd5# 1-0

[Event "O pohár města Říčany 2017"]
[Site "Kulturni centrum Labut, 17. Listopadu 214 25101 Ricany"]
[Date "2017.08.30"]
[Round "6.3"]
[White "Skalicky, Tomas"]
[Black "Rut, Vojtech"]
[Result "1-0"]
[WhiteElo "2165"]
[BlackElo "2140"]
[PlyCount "0"]
[EventDate "2017.08.26"]

1. d4 g6 2. c4 Nf6 3. Nc3 d5 4. cxd5 Nxd5 5. e4 Nxc3 6. bxc3 Bg7 7. Nf3 c5
8. Be3 O-O 9. Rc1 Bg4 10. Be2 cxd4 11. cxd4 Qa5+ 12. Qd2 Qxd2+ 13. Nxd2 Bxe2
14. Kxe2 Nc6 15. Rc4 Rfd8 16. d5 Ne5 17. Rc7 e6 18. dxe6 fxe6 19. Rxb7 Rac8
20. Rhb1 Nc6 21. Nb3 a5 22. Nc5 Bd4 23. Nxe6 Bxe3 24. Nxd8 Nxd8 25. Rb8 Rxb8
26. Rxb8 Bg5 27. f4 Be7 28. Ra8 Kf7 29. Rxa5 Ne6 30. f5 Nc5 31. Ke3 gxf5
32. exf5 Kf6 33. g4 Ke5 34. Ra7 Bg5+ 35. Kf3 h5 36. gxh5 Kxf5 37. Ra5 Be7 38. h6
Kg6 39. h7 1-0

[Event "O pohár města Říčany 2017"]
[Site "Kulturni centrum Labut, 17. Listopadu 214 25101 Ricany"]
[Date "2017.08.30"]
[Round "6.4"]
[White "Hrdina, Robin"]
[Black "Gregor, Jiri"]
[Result "1/2-1/2"]
[WhiteElo "2151"]
[BlackElo "2210"]
[PlyCount "0"]
[EventDate "2017.08.26"]

1. b3 d5 2. f4 Nf6 3. Bb2 c6 4. Nf3 Qc7 5. e3 Bg4 6. Be2 Bxf3 7. Bxf3 Nbd7
8. O-O e5 9. fxe5 Nxe5 10. d4 Nxf3+ 11. Qxf3 Bd6 12. Qh3 O-O 13. Nd2 Rae8 14. c4
Qe7 15. Rf3 Bb4 16. Nf1 Ne4 17. Qh5 g6 18. Qh6 f5 19. Ng3 Qg5 20. Qxg5 Nxg5
21. Rff1 Bd2 22. Bc1 Bxe3+ 23. Bxe3 Rxe3 24. Rfe1 Rfe8 25. Rxe3 Rxe3 26. cxd5
cxd5 27. Rc1 Re7 28. Rc5 Rd7 29. Ne2 Ne6 30. Rc8+ Kf7 31. Kf2 g5 32. Ke3 Nd8
33. g3 Nc6 34. a3 Na5 35. Rc3 Ke6 36. Ng1 Nc6 37. Nf3 h6 38. Kd3 Kd6 39. b4 a6
40. h4 g4 41. Ng1 Re7 42. Ne2 Re4 43. Rc1 f4 44. gxf4 Ne7 45. Rg1 Nf5 46. Rxg4
Re3+ 47. Kd2 Rxa3 48. Rg6+ Ke7 49. Nc3 Kf7 1/2-1/2

[Event "O pohár města Říčany 2017"]
[Site "Kulturni centrum Labut, 17. Listopadu 214 25101 Ricany"]
[Date "2017.08.30"]
[Round "6.5"]
[White "Vojta, Tomas"]
[Black "Husek, Martin"]
[Result "1-0"]
[WhiteElo "2363"]
[BlackElo "2148"]
[PlyCount "0"]
[EventDate "2017.08.26"]

1. d4 Nf6 2. Nf3 d5 3. Bf4 c5 4. e3 Nc6 5. c3 Qb6 6. Qc2 g6 7. Nbd2 Bf5 8. Qb3
c4 9. Qxb6 axb6 10. a3 b5 11. Rc1 Nh5 12. Bg3 f6 13. Be2 e5 14. Nh4 Nxg3
15. hxg3 Ne7 16. Nxf5 Nxf5 17. dxe5 fxe5 18. e4 dxe4 19. Nxe4 Nd6 20. Bf3 O-O-O
21. Rd1 Nf7 22. Ke2 Be7 23. Rxd8+ Kxd8 24. Rd1+ Kc7 25. Rd5 Kc6 26. Nd2 e4
27. Bxe4 Nd6 28. Re5+ Kd7 29. Bf3 Bf6 30. Rd5 Re8+ 31. Ne4 Kc7 32. Rxd6 Rxe4+
33. Bxe4 Kxd6 34. Bxb7 Bg5 35. f4 Bd8 36. Be4 Bb6 37. g4 Bc7 38. Kf3 Bd8 39. Bc2
Bh4 40. g3 Bf6 41. g5 Bd8 42. a4 bxa4 43. Bxa4 Kd5 44. Be8 Ke6 45. Ke4 Bb6
46. Bb5 Bf2 47. Bxc4+ Ke7 48. g4 Be1 49. Bd3 Bd2 50. c4 Kd6 51. b3 Kc5 52. Bc2
Bc1 53. Ke5 Bd2 54. f5 Bxg5 55. fxg6 hxg6 56. Bxg6 1-0

[Event "O pohár města Říčany 2017"]
[Site "Kulturni centrum Labut, 17. Listopadu 214 25101 Ricany"]
[Date "2017.08.30"]
[Round "6.6"]
[White "Hollan, Martin"]
[Black "Janacek, Jaroslav"]
[Result "1-0"]
[WhiteElo "2233"]
[BlackElo "2019"]
[PlyCount "0"]
[EventDate "2017.08.26"]

1. e4 c5 2. Nf3 g6 3. c4 Nc6 4. d4 cxd4 5. Nxd4 Nf6 6. Nc3 Nxd4 7. Qxd4 d6
8. f3 Bg7 9. Be3 O-O 10. Qd2 Be6 11. Rc1 Rc8 12. b3 Qa5 13. Nd5 Qxd2+ 14. Kxd2
Rfe8 15. Rc2 a6 16. b4 Nd7 17. Be2 f5 18. Rhc1 fxe4 19. fxe4 Ne5 20. c5 dxc5
21. Rxc5 Red8 {dale necitelne, 51 tahu} 1-0

[Event "O pohár města Říčany 2017"]
[Site "Kulturni centrum Labut, 17. Listopadu 214 25101 Ricany"]
[Date "2017.08.30"]
[Round "6.7"]
[White "Slovak, Kilian"]
[Black "Jelinek, Michal"]
[Result "0-1"]
[WhiteElo "2101"]
[BlackElo "2173"]
[PlyCount "0"]
[EventDate "2017.08.26"]

1. e4 e6 2. d4 d5 3. Nc3 Bb4 4. e5 c5 5. a3 Bxc3+ 6. bxc3 Ne7 7. a4 Nbc6 8. Nf3
Qa5 9. Qd2 Bd7 10. Be2 f6 11. exf6 gxf6 12. dxc5 e5 13. c4 dxc4 14. Bxc4 Qxc5
15. Be2 O-O-O 16. Ba3 Qd5 17. Qc3 Ng6 18. Rd1 Qe4 19. Qc4 Bf5 20. Nd2 Qxc2
21. Qxc2 Bxc2 22. Rc1 Bxa4 23. Ne4 Nf4 24. Nd6+ Kb8 25. Nf7 Nd4 26. Nxd8 Rxd8
27. Bc4 b5 28. Bf1 Nc2+ 29. Rxc2 Bxc2 30. Be2 Nd3+ 31. Kd2 Nxf2+ 32. Kxc2 Nxh1
33. Bxb5 Nf2 34. Be7 Rc8+ 35. Kd2 Ne4+ 36. Ke3 f5 0-1

[Event "O pohár města Říčany 2017"]
[Site "Kulturni centrum Labut, 17. Listopadu 214 25101 Ricany"]
[Date "2017.08.30"]
[Round "6.8"]
[White "Skalsky, Alexandr"]
[Black "Mladek, Richard"]
[Result "1-0"]
[WhiteElo "2105"]
[BlackElo "2160"]
[PlyCount "0"]
[EventDate "2017.08.26"]

1. e4 c5 2. Nf3 Nc6 3. d4 cxd4 4. Nxd4 g6 5. c4 Bg7 6. Be3 Nf6 7. Nc3 O-O
8. Be2 b6 9. O-O Bb7 10. Ndb5 Qb8 11. f3 Rd8 12. Qd2 d6 13. Rac1 Rd7 14. Rfd1
Qf8 15. b3 h5 16. Rc2 Kh7 17. a3 Bh6 18. Bxh6 Qxh6 19. Qxh6+ Kxh6 20. Nd5 Ne8
21. Rcd2 e6 22. Ne3 Rad8 23. b4 a6 24. Nc3 Na7 25. Na4 Nc8 26. c5 b5 27. Nc3 Bc6
28. a4 dxc5 29. Rxd7 Rxd7 30. axb5 Rxd1+ 31. Ncxd1 Bxb5 32. Bxb5 axb5 33. bxc5
Nc7 34. Nb2 Kg7 35. Nd3 Na7 36. Nc2 Na6 37. Ncb4 Nxb4 38. Nxb4 e5 39. Kf2 Kf6
40. Ke3 Ke6 41. f4 exf4+ 42. Kxf4 Kd7 43. Ke3 Nc6 44. Nd5 Na5 45. Nb4 Nb3
46. c6+ Kc7 47. Nd3 f6 48. e5 f5 49. Kf4 Kxc6 50. Kg5 Kd5 51. Kxg6 Nd4 52. Kxh5
Ke4 53. Nb2 Kxe5 54. Kg6 Ne2 55. g3 Ke4 56. Kg5 b4 57. g4 f4 58. h4 f3 59. Nd1
b3 60. h5 Nf4 61. h6 b2 62. h7 Ne6+ 63. Kh6 f2 64. Nxf2+ Kf3 65. Ne4 Kxe4
66. h8=Q 1-0

[Event "O pohár města Říčany 2017"]
[Site "Kulturni centrum Labut, 17. Listopadu 214 25101 Ricany"]
[Date "2017.08.30"]
[Round "6.9"]
[White "Steiner, Juraj"]
[Black "Kulhanek, Tomas"]
[Result "0-1"]
[WhiteElo "2022"]
[BlackElo "2324"]
[PlyCount "0"]
[EventDate "2017.08.26"]

1. c4 Nf6 2. Nc3 e6 3. d3 d5 4. cxd5 exd5 5. Nf3 Be7 6. e3 O-O 7. g3 c5 8. d4
b6 9. Bg2 Ba6 10. Qa4 Qc8 11. Ne5 Rd8 12. Bd2 Qb7 13. Bf1 Bxf1 14. Kxf1 a6
15. f3 b5 16. Qc2 Nc6 17. Nxc6 Qxc6 18. Ne2 c4 19. Ba5 Re8 20. a3 Qe6 21. Qd2
Qh3+ 22. Kf2 Bd6 23. Bb4 Bc7 24. Rag1 h5 25. Nf4 Bxf4 26. gxf4 Ng4+ 27. fxg4
Qxe3+ 28. Kf1 Qf3+ 29. Qf2 Qd3+ 0-1

[Event "O pohár města Říčany 2017"]
[Site "Kulturni centrum Labut, 17. Listopadu 214 25101 Ricany"]
[Date "2017.08.30"]
[Round "6.10"]
[White "Haba, Zdenek"]
[Black "Nehyba, Martin"]
[Result "1-0"]
[WhiteElo "2207"]
[BlackElo "1875"]
[PlyCount "0"]
[EventDate "2017.08.26"]

1. d4 d5 2. c4 c6 3. Nf3 Nf6 4. Nbd2 Bf5 5. Qb3 Qc7 6. Nh4 Bc8 7. g3 Nbd7
8. Bg2 e6 9. O-O Bd6 10. e4 dxe4 11. Nxe4 Nxe4 12. Bxe4 Nf6 13. Bg2 O-O 14. c5
Be7 15. Bf4 Qd8 16. Nf3 Nd5 17. Bd2 f6 18. Qc2 Re8 19. b4 Bf8 20. Rfe1 Qc7
21. a4 b6 22. Rac1 Bd7 23. Qc4 a6 24. h4 b5 25. Qb3 Kh8 26. Ra1 Qb7 27. Ra3 Reb8
28. axb5 axb5 29. Rea1 Nc7 30. Bf4 Rxa3 31. Rxa3 Kg8 32. Ra5 Rd8 33. Bxc7 Qxc7
34. Qa2 Rb8 35. Ra7 Rb7 36. Ra8 Kf7 37. Nd2 Be7 38. Nb3 Bd8 39. Qa6 Ke8 40. Na5
Rb8 41. Rxb8 Qxb8 42. Nxc6 Bxc6 43. Bxc6+ Kf7 44. Qxb5 Qa7 45. Qb7+ Qxb7
46. Bxb7 Ke7 47. Kf1 Kd7 48. Ke2 Kc7 49. Be4 f5 50. Bf3 h6 51. Kd3 g5 52. hxg5
Bxg5 53. b5 f4 54. b6+ Kb8 55. Ke4 fxg3 56. fxg3 Bd2 57. Ke5 Be3 58. g4 Bf2
59. Bc6 Kc8 60. Be8 1-0

[Event "O pohár města Říčany 2017"]
[Site "Kulturni centrum Labut, 17. Listopadu 214 25101 Ricany"]
[Date "2017.08.30"]
[Round "6.11"]
[White "Postupa, Pavel"]
[Black "Anaskin, Arsenij"]
[Result "0-1"]
[WhiteElo "1984"]
[BlackElo "2188"]
[PlyCount "0"]
[EventDate "2017.08.26"]

1. e4 d6 2. d4 Nf6 3. Nc3 Nbd7 4. Nf3 e5 5. Bc4 Be7 6. O-O O-O 7. h3 c6 8. a4
a5 9. Re1 Nb6 10. Bb3 Nfd7 11. Be3 exd4 12. Nxd4 Nc5 13. Nf5 Bxf5 14. Bxc5 dxc5
15. exf5 c4 16. Qxd8 Bxd8 17. Ba2 Bf6 18. Re4 Rfe8 19. Rb1 Kf8 20. f3 Rab8
21. Rxe8+ Rxe8 22. Ne4 Bd4+ 23. Kf1 Nd5 24. c3 Ba7 25. g4 h5 26. b3 hxg4
27. hxg4 cxb3 28. Rxb3 Re7 29. Bb1 Rd7 30. Rb2 Ke7 31. Rd2 Rd8 32. Rb2 Rd7
33. Rd2 Rd8 34. Rb2 b6 35. Re2 b5 36. Ke1 Rh8 37. Bc2 Nf4 38. f6+ gxf6 39. Ng3+
Nxe2 40. Kxe2 Rh2+ 41. Kd3 Rf2 42. Nf5+ Ke6 43. Bb3+ Ke5 44. Nh6 Rxf3+ 45. Kc2
Kf4 46. Nxf7 Kxg4 47. Nd6 b4 48. cxb4 axb4 49. Nc8 Bd4 50. Be6+ Kf4 51. Ne7 b3+
0-1

[Event "O pohár města Říčany 2017"]
[Site "Kulturni centrum Labut, 17. Listopadu 214 25101 Ricany"]
[Date "2017.08.30"]
[Round "6.12"]
[White "Skala, Jaromir"]
[Black "Hadzala, Daniel"]
[Result "0-1"]
[WhiteElo "1942"]
[BlackElo "2116"]
[PlyCount "0"]
[EventDate "2017.08.26"]

1. d4 Nf6 2. Nf3 d6 3. c4 Nbd7 4. Nc3 e5 5. e4 Be7 6. Be2 O-O 7. O-O c6 8. a3
exd4 9. Nxd4 Nc5 10. Bf3 a5 11. Be3 a4 12. b4 axb3 13. Nxb3 Nxb3 14. Qxb3 Qa5
15. Ne2 Re8 16. Rfd1 Bf8 17. Ng3 Nd7 18. Nf5 Nc5 19. Qb1 Bxf5 20. exf5 Qc7
21. f6 g6 22. h4 Nd7 23. Bd4 Ne5 24. Be2 Bh6 25. h5 Bg5 26. hxg6 hxg6 27. f4
Bxf4 28. Rf1 Bg5 29. Bh5 Qd8 30. Bxe5 Rxe5 31. Bxg6 Bxf6 32. Bxf7+ Kxf7 33. Qh7+
Ke6 34. Qh3+ Ke7 35. Qh7+ Ke8 36. Qg6+ Kd7 37. Rxf6 Kc7 38. Rd1 Rxa3 39. Rfxd6
Qg5 40. Rd7+ Kb8 41. Qxg5 Rxg5 42. Rb1 Ra7 43. Rf1 Ra2 44. Rb1 Rgxg2+ 45. Kf1
Rgb2 46. Rbd1 Ka7 47. R7d4 Kb6 48. Rf4 Rh2 49. Kg1 Rag2+ 50. Kf1 Rh1+ 51. Kxg2
Rxd1 52. Kf2 Kc5 53. Ke2 Rd4 54. Rf7 b6 55. Rc7 Rxc4 56. Kd3 b5 57. Rh7 Rd4+
58. Kc3 b4+ 59. Kb3 Rd3+ 60. Kc2 Rg3 61. Rh5+ Kc4 62. Rh4+ Kb5 63. Rh5+ c5
64. Kb2 Rc3 65. Rh8 Rd3 66. Rh5 Kc4 67. Rh4+ Rd4 68. Rh2 b3 69. Rh8 Rd2+ 70. Kb1
Kc3 71. Rh3+ Rd3 72. Rh1 Kb4 73. Kb2 Rd2+ 74. Kc1 Rg2 75. Kb1 Ka3 76. Ka1 c4
77. Rf1 b2+ 78. Kb1 c3 0-1

[Event "O pohár města Říčany 2017"]
[Site "Kulturni centrum Labut, 17. Listopadu 214 25101 Ricany"]
[Date "2017.08.30"]
[Round "6.13"]
[White "Laurincova, Kristyna"]
[Black "Ludvik, Tomas"]
[Result "1/2-1/2"]
[WhiteElo "1854"]
[BlackElo "2095"]
[PlyCount "0"]
[EventDate "2017.08.26"]

1. e4 e6 2. d4 d5 3. Nd2 Be7 4. e5 c5 5. c3 Nc6 6. Qg4 Kf8 7. Ndf3 Qb6 8. Bd3
cxd4 9. cxd4 Bd7 10. Ne2 Nb4 11. Bb1 Bb5 12. Ng5 Nd3+ 13. Bxd3 Bxd3 14. Qf3 Bg6
15. O-O Nh6 16. Rd1 Rc8 17. Nf4 Kg8 18. Nxg6 hxg6 19. Be3 Bxg5 20. Bxg5 Nf5
21. Rac1 Rc6 22. Rc3 Nxd4 23. Qe3 Rxc3 24. bxc3 Nc6 25. Qxb6 axb6 26. f4 Na5
27. Bd8 Nc4 28. Rb1 Kh7 29. Bxb6 Ra8 30. Bd4 b6 31. Ra1 Kg8 32. Kf2 Kf8 33. Ke2
Ke7 34. Kd3 Kd7 35. Kc2 b5 36. Kb3 Ra4 37. Bc5 Nd2+ 38. Kc2 Ne4 39. Bf8 Rc4
40. Bb4 Nxc3 41. Bxc3 d4 42. Kd3 dxc3 43. g3 Rc7 44. Rb1 b4 45. Kc2 Rc4 46. Kd3
Rc8 47. Kc2 Ra8 48. Rxb4 Rxa2+ 49. Kxc3 Kc6 50. Rc4+ Kd7 51. Rb4 Kc6 52. Rc4+
Kd7 53. Rb4 Rxh2 54. Rb7+ Kc6 55. Rxf7 Rh3 56. Rxg7 Rxg3+ 57. Kd4 1/2-1/2

[Event "O pohár města Říčany 2017"]
[Site "Kulturni centrum Labut, 17. Listopadu 214 25101 Ricany"]
[Date "2017.08.30"]
[Round "6.14"]
[White "Kaplan, Daniel"]
[Black "Vojta, Jakub"]
[Result "1/2-1/2"]
[WhiteElo "2057"]
[BlackElo "1930"]
[PlyCount "0"]
[EventDate "2017.08.26"]

1. d4 d5 2. Bg5 f6 3. Bh4 Nh6 4. f3 Nc6 5. e3 e5 6. Bb5 Nf5 7. Bf2 Be7 8. Ne2
O-O 9. O-O Be6 10. Nbc3 Nd6 11. Ba4 Nc4 12. Rb1 a6 13. e4 exd4 14. Nxd5 Bxd5
15. exd5 Qxd5 16. Bxc6 bxc6 17. Nxd4 Bc5 18. Re1 Rad8 19. c3 Rfe8 20. Qc2 Qg5
21. h4 Qd5 22. Rbd1 Qf7 23. b3 Ne5 24. Re2 Qh5 25. Rde1 Bd6 26. Qe4 c5 27. Nf5
Bf8 28. Ng3 Qf7 29. Qa4 Re7 30. Qxa6 Red7 31. Qa4 c4 32. bxc4 Nd3 33. Rd1 Rd6
34. Rb1 Re6 35. Qc2 Nxf2 36. Kxf2 Rde8 37. Rxe6 Qxe6 38. Qe4 Qa6 39. Qxe8 Qxa2+
40. Ne2 Qxb1 41. Qe6+ Kh8 42. Qe8 Kg8 43. Qe6+ Kh8 44. Qc8 Qb6+ 45. Kf1 Qc5
46. Qe6 h6 47. Nf4 Bd6 48. Qe8+ Kh7 49. Qg6+ Kh8 50. Qe8+ Kh7 51. Qg6+ Kh8
1/2-1/2

[Event "O pohár města Říčany 2017"]
[Site "Kulturni centrum Labut, 17. Listopadu 214 25101 Ricany"]
[Date "2017.08.30"]
[Round "6.15"]
[White "Svatos, Jan"]
[Black "Kylar, Miroslav"]
[Result "1-0"]
[WhiteElo "2310"]
[BlackElo "1899"]
[PlyCount "0"]
[EventDate "2017.08.26"]

1. d4 d5 2. Nf3 c6 3. Bf4 Nf6 4. e3 Bf5 5. Ne5 e6 6. g4 Be4 7. f3 Bg6 8. h4 h5
9. Nxg6 fxg6 10. Bd3 Kf7 11. c3 Bd6 12. Qc2 Bxf4 13. Bxg6+ Ke7 14. exf4 hxg4
15. fxg4 Nxg4 16. Qe2 Nf6 17. Nd2 Nbd7 18. O-O-O Nf8 19. Bd3 Kd7 20. f5 Nh5
21. Qg4 exf5 22. Qxf5+ Kc7 23. Rde1 Nd7 24. Be2 Qf6 25. Qxf6 Ndxf6 26. Bxh5 Nxh5
27. Re7+ Kb6 28. Nb3 Ng3 29. Nc5 Rab8 30. Rh3 Nf5 31. Re5 1-0

[Event "O pohár města Říčany 2017"]
[Site "Kulturni centrum Labut, 17. Listopadu 214 25101 Ricany"]
[Date "2017.08.30"]
[Round "6.16"]
[White "Krivanek, Vladimir"]
[Black "Pavlicek, Petr"]
[Result "1-0"]
[WhiteElo "2107"]
[BlackElo "1923"]
[PlyCount "0"]
[EventDate "2017.08.26"]

1. e3 g6 2. d4 d5 3. Nf3 Bg7 4. c4 Nf6 5. Nc3 O-O 6. Qb3 e6 7. h4 b6 8. cxd5
exd5 9. h5 Be6 10. hxg6 fxg6 11. Ng5 Bf7 12. e4 Nc6 13. e5 Nxd4 14. Qa4 Ne4
15. Ncxe4 dxe4 16. Nxf7 Kxf7 17. Bc4+ Ne6 18. Rxh7 Qe8 19. Qb3 Rh8 20. Bxe6+ 1-0

[Event "O pohár města Říčany 2017"]
[Site "Kulturni centrum Labut, 17. Listopadu 214 25101 Ricany"]
[Date "2017.08.30"]
[Round "6.17"]
[White "Vystrcil, Martin"]
[Black "Nemcova, Kamila"]
[Result "1-0"]
[WhiteElo "2038"]
[BlackElo "1908"]
[PlyCount "0"]
[EventDate "2017.08.26"]

1. d4 f5 2. e4 fxe4 3. Nc3 Nf6 4. Bg5 Nc6 5. d5 Ne5 6. Qd4 Nf7 7. Bxf6 exf6
8. Nxe4 Bd6 9. Nxd6+ Nxd6 10. Bd3 Qe7+ 11. Kd2 O-O 12. Re1 Qf7 13. c4 Qh5 14. g4
Qf7 15. c5 Ne8 16. d6 Kh8 17. Re7 Qxa2 18. Qe4 1-0

[Event "O pohár města Říčany 2017"]
[Site "Kulturni centrum Labut, 17. Listopadu 214 25101 Ricany"]
[Date "2017.08.30"]
[Round "6.18"]
[White "Konvalinka, Vladislav"]
[Black "Rastocny, Josef"]
[Result "1/2-1/2"]
[WhiteElo "1764"]
[BlackElo "2008"]
[PlyCount "0"]
[EventDate "2017.08.26"]

1. d4 Nf6 2. c4 g6 3. Nc3 Bg7 4. Bg5 O-O 5. Nf3 d6 6. e3 c6 7. Be2 Nbd7 8. O-O
e5 9. d5 c5 10. Nd2 a6 11. Nde4 h6 12. Bh4 Qb6 13. Nxf6+ Nxf6 14. Qc2 Nd7 15. e4
g5 16. Bg3 Qd8 17. Nd1 Nf6 18. Ne3 h5 19. h3 Qe8 1/2-1/2

[Event "O pohár města Říčany 2017"]
[Site "Kulturni centrum Labut, 17. Listopadu 214 25101 Ricany"]
[Date "2017.08.30"]
[Round "6.19"]
[White "Blumel, Otto"]
[Black "Zvolensky, David"]
[Result "1-0"]
[WhiteElo "2002"]
[BlackElo "1894"]
[PlyCount "0"]
[EventDate "2017.08.26"]

1. d4 Nf6 2. Nc3 d5 3. e4 dxe4 4. f3 exf3 5. Nxf3 Bf5 6. Bc4 c6 7. O-O e6
8. Ng5 Bg6 9. Be3 Bd6 10. Qf3 O-O 11. Rf2 Qe7 12. Raf1 Nbd7 13. Qh3 h5 14. Be2
Rae8 15. g4 Nxg4 16. Bxg4 hxg4 17. Qh4 Nf6 18. Ne2 Ne4 19. Rxf7 Rxf7 20. Rxf7
Bxf7 21. Qh7+ Kf8 22. Nxe4 e5 23. N2g3 exd4 24. Bxd4 Bg8 25. Qf5+ Qf7 26. Nxd6
Qxf5 27. Ngxf5 Bxa2 28. Bxg7+ Kg8 29. Nxe8 1-0

[Event "O pohár města Říčany 2017"]
[Site "Kulturni centrum Labut, 17. Listopadu 214 25101 Ricany"]
[Date "2017.08.30"]
[Round "6.20"]
[White "Bares, Jachym"]
[Black "Vilimova, Julie"]
[Result "1-0"]
[WhiteElo "1989"]
[BlackElo "1741"]
[PlyCount "0"]
[EventDate "2017.08.26"]

1. e4 d6 2. d4 g6 3. Be3 Bg7 4. Nc3 c6 5. Qd2 b5 6. a3 a6 7. f4 Nd7 8. Nf3 Qc7
9. e5 Nh6 10. Bd3 Ng4 11. Bg1 O-O 12. h3 Nh6 13. Be3 Nb6 14. g4 f5 15. exf6 exf6
16. f5 g5 17. O-O-O Nf7 18. h4 h6 19. hxg5 fxg5 20. f6 Bxf6 21. Ne4 Bg7
22. Nexg5 hxg5 23. Nxg5 Nxg5 24. Bxg5 d5 25. Bh7+ Kh8 26. Qd3 Bf6 27. Bg6+ Kg8
28. Bh6 Bg7 29. Bd2 Rf6 30. Bg5 Rf2 31. Qe3 Rf8 32. Qh3 Bf6 33. Bxf6 1-0